| 000 | 00874nam a2200277Ia 4500 | ||
|---|---|---|---|
| 001 | Z_5128 | ||
| 003 | CHAP | ||
| 008 | 220113s2004 xx 000 0 und d | ||
| 010 | _a168185 | ||
| 040 | _cCHAP | ||
| 090 | _aTesis M 1813 | ||
| 100 |
_aMeneses Elizalde, Hugo Samuel _974790 |
||
| 245 |
_aEvaluación de impacto del programa lechero en el estado de Hidalgo en el año de 2000 (Memoria de experiencia profesional) / _cpor Hugo Samuel Meneses Elizalde |
||
| 260 |
_aChapingo, Méx. : _bEl autor, _c2004 |
||
| 300 | _a109 h + apénd. | ||
| 502 | _aTesis (Ing. Agr. Esp. en Zootecnia) -- UACH. Departamento de Zootecnia | ||
| 650 |
_aAyuda técnica _99035 |
||
| 650 |
_aIndustria lechera _xHidalgo _957840 |
||
| 650 |
_aLeche _xProducción _965400 |
||
| 901 | _aTESIS M 1813 | ||
| 902 | _aM | ||
| 910 | _a2004 | ||
| 942 | _c2 | ||
| 942 | _c2 | ||
| 999 |
_c168185 _d168185 |
||